000 00585nam a2200205 a 4500
001 BRCA_4495
005 20190320204707.0
008 140910s1920----fr-#######---#000-0#fre-#
041 _afre
044 _afr
050 4 _aG5834
_b.P53 1920
245 1 0 _aPlan de Paris
_bpar Arrondissement.
260 _aParís
_bL. Guilmin
_c[1920]
300 _a128 p.
_bil., 20 mapas, 1 mapa plegable
_c14 cm.
500 _aIncluye nomenclatura de calles, plano de cada distrito y un plano general
500 _aCG3
651 4 _aParís
_vMapas
_zFrancia
_911391
902 _aGFM
942 _2lcc
_cB
999 _c4201
_d4201